| 000 | 00616nam a2200229Ia 4500 | ||
|---|---|---|---|
| 005 | 20250425162457.0 | ||
| 008 | 250425s9999 xx 000 0 und d | ||
| 020 | _a978 9978 22 803 6 | ||
| 041 | _aspa | ||
| 082 | _a305.898 | ||
| 245 | 0 | _aPAISAJES, ESPACIOS Y TERRITORIOS. REELABORACIONES SIMBOLICAS Y RECONSTRUCCIONES INEDITAS EN AMERICA LATINA | |
| 250 | _a1A ED. | ||
| 260 |
_aEcuador _bABYA -YALA _c2009 |
||
| 260 | _aS.L. | ||
| 300 | _a227 | ||
| 650 | _aAMERICA LATINA | ||
| 650 | _aANTROPOLOGIA | ||
| 650 | _aPAISAJE CULTURAL | ||
| 650 | _aPATRIMONIO CULTURAL | ||
| 942 | _c01 | ||
| 010 | _a76680 | ||
| 999 |
_c230061 _d230061 |
||